Profile: Dobby Quiz Stats

 Plays Quiz Updated Jun 6, 2018

Challenge
Share
Tweet
Embed
Score 0/26 Timer 07:00
25 Plays Today
% Correct
House-Elf
98.4%
Hogwarts
92.5%
A Wand
90.6%
Bellatrix Lestrange
90.3%
Hermione Granger
89.8%
Ron Weasley
86%
Sock
85.9%
The Hogwarts Express
85.7%
Albus Dumbledore
81.5%
The Room of Requirement
79.5%
Luna Lovegood
79.4%
Green
79.4%
Harry...Potter...
78.4%
% Correct
Gillyweed
76.4%
Winky
73.5%
A Bludger
71.9%
Kreacher
71.1%
Here Lies Dobby, a Free Elf
70.1%
Lucius Malfoy
69.3%
Shell Cottage
62.4%
Aberforth Dumbledore
61.2%
Apparition
58.1%
Gryffindor Tower
52%
A Hover Charm
43.1%
Wheezy
25.6%
A Barmy Old Codger
13.3%

You're not logged in!

Compare scores with friends on all Sporcle quizzes.
OR
Log In

You Might Also Like...

Show Comments

Extras

Top Quizzes Today


Score Distribution

Your Account Isn't Verified!

In order to create a playlist on Sporcle, you need to verify the email address you used during registration. Go to your Sporcle Settings to finish the process.

Report this User

Report this user for behavior that violates our Community Guidelines.

Details: